Sueños de mujer al desnudo / (Registro nro. 14038)

Detalles MARC
000 -LEADER
fixed length control field 00814nam a2200253 a 4500
001 - CONTROL NUMBER
control field
003 - CONTROL NUMBER IDENTIFIER
control field DO-SdBNP
005 - DATE AND TIME OF LATEST TRANSACTION
control field 20220217085641.0
008 - FIXED-LENGTH DATA ELEMENTS--GENERAL INFORMATION
fixed length control field 100318s2008 dr c 000 0 spa d
020 ## - INTERNATIONAL STANDARD BOOK NUMBER
International Standard Book Number 9789945420494
040 ## - CATALOGING SOURCE
Original cataloging agency DO-SdBNP
Language of cataloging spa
Transcribing agency BPMSU
082 ## - DEWEY DECIMAL CLASSIFICATION NUMBER
Classification number RD861.5
Item number R459s 2008
Edition number 22
100 1# - MAIN ENTRY--PERSONAL NAME
Personal name Reyna, Renania
245 10 - TITLE STATEMENT
Title Sueños de mujer al desnudo /
Statement of responsibility, etc. Renania Reyna ; presentación Lissette Ramírez.
260 ## - PUBLICATION, DISTRIBUTION, ETC. (IMPRINT)
Place of publication, distribution, etc. Santo Domingo :
Name of publisher, distributor, etc. Secretaría de Estado de Cultura;
-- Ángeles de Fierro
Date of publication, distribution, etc. 2008.
300 ## - PHYSICAL DESCRIPTION
Extent 58 p. :
Other physical details retrs. ;
Dimensions 21 cm.
500 ## - GENERAL NOTE
General note Incluye datos biográficos de la autora.
590 ## - LOCAL NOTE (RLIN)
Local note Inventariado, 2022/VM
650 #4 - SUBJECT ADDED ENTRY--TOPICAL TERM
Topical term or geographic name as entry element Poesía dominicana
650 #4 - SUBJECT ADDED ENTRY--TOPICAL TERM
Topical term or geographic name as entry element Literatura dominicana
700 1# - ADDED ENTRY--PERSONAL NAME
Personal name Ramírez, Lissette
Relator term presentación
910 ## - USER-OPTION DATA (OCLC)
User-option data VMateo V.
942 ## - ADDED ENTRY ELEMENTS (KOHA)
Source of classification or shelving scheme Dewey Decimal Classification
Koha item type Libros
Existencias
Withdrawn status Lost status Source of classification or shelving scheme Damaged status Not for loan Collection code Home library Current library Date acquired Total Checkouts Full call number Barcode Date last seen Price effective from Koha item type
    Dewey Decimal Classification     Colección Dominicana Biblioteca Pública Metropolitana Salomé Ureña Biblioteca Pública Metropolitana Salomé Ureña 02/17/2022   BPMSU CD RD861.5 R459s 2008 BPMSU22020049 02/17/2022 02/17/2022 Libros